Computer vision principles : (Record no. 179798)
[ view plain ]
| 000 -LEADER | |
|---|---|
| fixed length control field | 01018 a2200241 4500 |
| 003 - CONTROL NUMBER IDENTIFIER | |
| control field | Nust |
| 005 - DATE AND TIME OF LATEST TRANSACTION | |
| control field | 20221024172732.0 |
| 010 ## - LIBRARY OF CONGRESS CONTROL NUMBER | |
| LC control number | 91013117 |
| 020 ## - INTERNATIONAL STANDARD BOOK NUMBER | |
| International Standard Book Number | 0818661038 (microfiche) |
| 020 ## - INTERNATIONAL STANDARD BOOK NUMBER | |
| International Standard Book Number | 0818691026 |
| 040 ## - CATALOGING SOURCE | |
| Transcribing agency | Nust |
| 082 00 - DEWEY DECIMAL CLASSIFICATION NUMBER | |
| Classification number | 006.37,KAS |
| 100 ## - MAIN ENTRY--PERSONAL NAME | |
| Personal name | Kasturi, Rangachar |
| 9 (RLIN) | 101298 |
| 245 00 - TITLE STATEMENT | |
| Title | Computer vision principles : |
| Statement of responsibility, etc. | Rangachar Kasturi, Ramesh C. Jain. |
| 260 ## - PUBLICATION, DISTRIBUTION, ETC. | |
| Place of publication, distribution, etc. | Los Alamitos, Calif. : |
| Name of publisher, distributor, etc. | IEEE Computer Society Press, |
| Date of publication, distribution, etc. | c1991. |
| 300 ## - PHYSICAL DESCRIPTION | |
| Extent | x, 709 p. : |
| Other physical details | ill. ; |
| Dimensions | 29 cm. |
| 440 #0 - SERIES STATEMENT/ADDED ENTRY--TITLE | |
| Title | IEEE Computer Society Press tutorial |
| 9 (RLIN) | 94483 |
| 505 ## - FORMATTED CONTENTS NOTE | |
| Formatted contents note | Image Formation (Page-1), Segmentation (Page-65), Feature Extraction and Matching (Page-171), Constraint Exploitation and Shape Recovery (Page-269), Three-Dimensional Object Recognition (Page-345), Dynamic Vision (Page-469), Knowledge-Based Vision (Page-581), Applications (Page-655). |
| 650 #0 - SUBJECT ADDED ENTRY--TOPICAL TERM | |
| Topical term or geographic name entry element | Computer vision. |
| 700 1# - ADDED ENTRY--PERSONAL NAME | |
| Personal name | Jain, Ramesh, |
| Dates associated with a name | 1949- |
| 9 (RLIN) | 101299 |
| 700 1# - ADDED ENTRY--PERSONAL NAME | |
| Personal name | Kasturi, Rangachar, |
| Dates associated with a name | 1949- |
| 9 (RLIN) | 101300 |
| 942 ## - ADDED ENTRY ELEMENTS (KOHA) | |
| Source of classification or shelving scheme | |
| Koha item type | Book |
| Call number prefix | 006.37,KAS |
| Withdrawn status | Lost status | Source of classification or shelving scheme | Damaged status | Not for loan | Permanent Location | Current Location | Shelving location | Date acquired | Full call number | Barcode | Date last seen | Price effective from | Koha item type | Public note |
|---|---|---|---|---|---|---|---|---|---|---|---|---|---|---|
| Military College of Signals (MCS) | Military College of Signals (MCS) | General Stacks | 12/12/2016 | 006.37,KAS | MCS443 | 12/08/2016 | 12/12/2016 | Book | Almirah No.7, Shelf No.4 |
